000 00445nam a2200157Ia 4500
008 220531s9999 xx 000 0 und d
041 _amar
100 _aआगलावे प्रदिप
_939196
245 _aसमाजशास्‍त्रीय संकल्‍पना
260 _bSainath
_c1995
300 _a291
542 _d04-07-1998
650 _aSociology
_939197
906 _d1998-1999
999 _c23666
_d23666